| 000 | 00521nam a22001811a 4500 | ||
|---|---|---|---|
| 005 | 20110718133049.0 | ||
| 008 | 091005s1997 001 0 eng d | ||
| 020 | _c0.00 | ||
| 040 | _aNEGST Library - Kenya | ||
| 050 | 4 | _aBS 325.S33 1997 | |
| 082 | 0 | _aBS 325.S33 1997 | |
| 245 | 0 | 0 | _akiirootyeet Nyee Leel. |
| 260 |
_aNairobi : _bBible Translation & Lite, _c1997. |
||
| 300 | _av, 674p. | ||
| 500 | _a[Africana] Includes maps. | ||
| 600 | 1 | 0 | _aBible-Sabaot. |
| 852 | _917.00 | ||
| 999 |
_c39704 _d39704 |
||